| 000 | 00425nam a2200157 4500 | ||
|---|---|---|---|
| 001 | 16133 | ||
| 005 | 20230411085950.0 | ||
| 008 | 060907n2001 dr spa | ||
| 035 | _9funglode16266 | ||
| 041 | _aEN | ||
| 110 | _aOffisial register of Harvard University | ||
| 245 | 1 | _aHarvard summer school | |
| 260 |
_a[s.l.] : _bOffisial register of Harvard University, _c2001 |
||
| 300 | _a24 p. | ||
| 942 |
_2lcc _cbk |
||
| 999 |
_c110121 _d110121 |
||